000 00960cam a22002893a 4500
001 1346
003 PGUSA
005 20140828083000.0
008 060219s2006||||xxu|||||s|||||000 | eng d
040 _aPGUSA
_beng
042 _adc
050 4 _aDC
100 1 _aMarx, Karl,
_d1818-1883
245 1 4 _aThe Eighteenth Brumaire of Louis Bonaparte
_h[electronic resource] /
_cKarl Marx
260 _bProject Gutenberg,
_c2006
500 _aTranslation of Achtzehnte brumaire
506 _aPublic domain in the USA.
516 _aElectronic text
653 _aFrance -- History -- Second Republic, 1848-1852
653 _aFrance -- Politics and government -- 1848-1852
653 _aFrance -- History -- Coup d'état, 1851
653 _aFrance -- History -- February Revolution, 1848
653 _aNapoleon III, Emperor of the French, 1808-1873
830 0 _aProject Gutenberg
_v1346
856 4 0 _uhttp://www.gutenberg.org/ebooks/1346
942 _cEB
999 _c230694
_d230694